01110 2200289 4500001002100000005001500021035002000036007000300056008004100059020001700100082001000117084001400127245006400141250002000205300003800225650001600263700003000279505034900309600001400658264003000672336002100702337003000723338002300753710001200776990001600788990001600804INLIS00000000000008520260416083706 a0010-0426000084ta260416 g 0 ind  a978979293374 a006.7 a006.7 ADO aAdobe dreamweaver CS6 dan PHP-mySQL untuk pemula /cMadcoms acetakan pertama a324 halaman :bilustrasi ;c23 cm 4aPemrograman0 aLeo Agung, M.eIlustrator aBuku ini membahas pembuatan website dari dasar menggunakan Adobe Dreamweaver CS6 yang dipadukan dengan pemrograman PHP dan basis data MySQL. Materi mencakup pembuatan tampilan web, pengolahan data, serta integrasi antara desain dan fungsi dinamis. Buku ini ditujukan bagi pemula yang ingin belajar membuat website secara lengkap dan praktis. 4aSitus Web aYogyakarta :bANDI,c2012 2rdacontentateks 2rdamediaatanpa perantara 2rdacarrieravolume0 aMadcoms aPP000183/19 aPP000566/19